| 000 | 00893nam a2200253 a 4500 | ||
|---|---|---|---|
| 001 | 000044775 | ||
| 003 | DO-SdBNP | ||
| 005 | 20230213143047.0 | ||
| 007 | ta | ||
| 008 | 150109s2014 dr ac 000 0 spa d | ||
| 020 | _a9789945081220 | ||
| 040 |
_aDO-SdBNP _bspa _cBNPHU |
||
| 082 | 4 | _222 | |
| 100 | 1 |
_aRivera, Mercedes _972791 |
|
| 245 | 1 | 3 |
_aLa verdad del conflicto de Haití y la República Dominicana / _cMercedes Rivera ; prólogo Adriano de la Cruz. |
| 260 |
_aSanto Domingo : _bImpresos Mercedes, _c2014. |
||
| 300 |
_a100 p. : _bilustraciones, retratos ; _c23 cm. |
||
| 500 | _aIncluye datos biográficos de la autora en la solapa de la cubierta | ||
| 500 | _aIncluye referencias bibliográficas y notas al pie de las páginas | ||
| 504 | _aBibliografía : p. 97-100 | ||
| 590 | _aInventariado, 2023/BT | ||
| 700 | 1 |
_aCruz, Adriano de la, _eprólogo _97194 |
|
| 942 |
_2ddc _cLBS1 |
||
| 999 |
_c44264 _d44264 |
||